| 000 | 00887cab a2200205 4500 | ||
|---|---|---|---|
| 001 | ##L132448 | ||
| 008 | 060209n2006 000 0 eng u | ||
| 035 | _a(Sirsi) u132448 | ||
| 041 | 0 | _aeng | |
| 100 | 1 | _aBirkby, Gillian | |
| 245 | 0 | 4 | _aThe subtle art of legal drafting |
| 260 | _c2006 | ||
| 490 | 0 |
_aBuilding _v271(8416) 3 February 2006, 58-59(2) |
|
| 520 | _aExamines the changes to extension of time clauses in JCT 05, particularly in the standard and design-and-build versions. Warns that the differences between the new clauses and those in JCT 98 are subtle but real, and could lead to potential legal problems. | ||
| 590 | _aIKA140206 | ||
| 650 | 2 | 4 | _aJCT STANDARD BUILDING CONTRACT (2005 EDITION) |
| 651 | 4 |
_aUnited Kingdom _y |
|
| 690 | _aBUILT ENVIRONMENT-BUILDING CONTRACT FORMS-STANDARD FORMS OF BUILDING CONTRACT-JOINT CONTRACTS TRIBUNAL CONTRACTS | ||
| 942 | _n0 | ||
| 999 |
_c76448 _d76448 |
||